00665 a2200145 450000500170000002000220001710000170003924500510005626000590010730000550016694200130022199900150023495201320024995201380038120250602100644.0 a978-9966-46-295-3 aGICHIRA, R.N aA Textbook of Office Practice and Organisation aNairobibEast African Educational Publishers Ltdc2011 aix, 296p.: ill; pictures, tables.bIndex,c20.5 cm 2ddccBKS c2988d2988 r2025-06-02 10:08:31l0o651 GICpMBY000167v45000.00w2025-06-02yBKS102ddc407000a002b002cSPECIALd2016-02-23g15000.00 r2025-06-28 16:50:05l0o651 GICpMBY000987v45000.00w2025-06-28yBKS102ddc407000a002b002cGENd2016-02-23ePURCHASEg15000.00